[Event "Bucaramanga Santander-ch"]
[Site "Bucaramanga"]
[Date "2022.04.10"]
[Round "6"]
[White "Serrano, Raul"]
[Black "Moreno Vega, Jose Miguel"]
[Result "0-1"]
[WhiteElo "1519"]
[BlackElo "1819"]
[PlyCount "82"]
[EventDate "2022.04.08"]
[EventType "swiss"]
[EventRounds "8"]
[EventCountry "COL"]
[SourceTitle "CBM 207 Extra"]
[Source "ChessBase"]
[SourceDate "2022.05.31"]
[SourceVersion "1"]
[SourceVersionDate "2022.05.31"]
[SourceQuality "1"]

1. e4 c5 2. Nf3 Nc6 3. d4 cxd4 4. Nxd4 e5 5. Nf3 Bc5 6. Bc4 h6 7. 0-0 Nf6 8. Nc3 a6 9. Qe2 d6 10. h3 Be6 11. Nd5 0-0 12. Rd1 Kh8 13. a3 Nh5 14. Be3 Bxe3 15. Qxe3 Ne7 16. Nb6 Bxc4 17. Nxc4 Qc7 18. Nb6 Rad8 19. Rac1 Nf4 20. c4 f5 21. Nd5 Nexd5 22. cxd5 Qd7 23. Rc2 fxe4 24. Qxe4 Rf6 25. Kh2 Rdf8 26. Rc3 Qf7 27. Ne1 Nxh3 28. Rxh3 Rxf2 29. Rdd3 Rf4 30. Rdf3 Rxe4 31. Rxf7 Rxf7 32. Nf3 Re2 33. Ng5 Rff2 34. Ne6 Rxg2+ 35. Kh1 Rxb2 36. Rc3 Rgc2 37. Rg3 Rh2+ 38. Kg1 Rhd2 39. Kh1 Rb1+ 40. Rg1 Rxg1+ 41. Kxg1 Rxd5 0-1

[Event "Bucaramanga Santander-ch"]
[Site "Bucaramanga"]
[Date "2022.04.09"]
[Round "3"]
[White "Roa Beleno, Matias Fernando"]
[Black "Serrano, Raul"]
[Result "0-1"]
[WhiteElo "1173"]
[BlackElo "1519"]
[PlyCount "28"]
[EventDate "2022.04.08"]
[EventType "swiss"]
[EventRounds "8"]
[EventCountry "COL"]
[SourceTitle "CBM 207 Extra"]
[Source "ChessBase"]
[SourceDate "2022.05.31"]
[SourceVersion "1"]
[SourceVersionDate "2022.05.31"]
[SourceQuality "1"]

1. d4 Nf6 2. c4 g6 3. Nc3 Bg7 4. e4 d6 5. Bf4 0-0 6. e5 dxe5 7. dxe5 Qxd1+ 8. Rxd1 Ng4 9. Nd5 Na6 10. Nxe7+ Kh8 11. Nf3 Re8 12. Bg5 Nxe5 13. Be2 Nxf3+ 14. Bxf3 Be6 0-1